00481nam a2200145Ia 4500008004100000020001600041082001500057100001600072245009600088260003300184300001000217505002600227650002700253700005500280120622s9999 xx 000 0 und d a14050-02972 a428 A512sa aJones, Ceri aAmerican inside out : student's book : advanced / Ceri, Jones & Tania Bastow with John Hird aOxford : Macmillan Education a86 p. aejercicios y glosario aINGLÉS - ENSEÑANZA aI. Bastow, Tania, coaut. II. Hird, Jon, coaut.Ì